Malá štúdia o fanatizme (na motívy veľkej štúdie Mariana Várossa o fanatizme)
Niektoré vybrané myšlienky a tézy z práce Marian Várossa o fanatizme. Vypäté spoločenské situácie a rozpor medzi štruktúrou spoločnosti a potrebami a záujmami jej častí. Paralely medzi politickým a ideologickým fanatizmom a totalitarizmom.
Salvato in:
| Autore principale: | |
|---|---|
| Natura: | Capitolo di libro |
| Lingua: | slovacco |
| Soggetti: | |
| Tags: |
Nessun Tag, puoi essere il primo ad aggiungerne!!
|
MARC
| LEADER | 00000naa a2200000 4500 | ||
|---|---|---|---|
| 001 | 0183234 | ||
| 005 | 20231211125533.5 | ||
| 041 | 0 | |a slo | |
| 044 | |a SK | ||
| 245 | 1 | 0 | |a Malá štúdia o fanatizme (na motívy veľkej štúdie Mariana Várossa o fanatizme) |c Ivan Buraj |
| 520 | |a Niektoré vybrané myšlienky a tézy z práce Marian Várossa o fanatizme. Vypäté spoločenské situácie a rozpor medzi štruktúrou spoločnosti a potrebami a záujmami jej častí. Paralely medzi politickým a ideologickým fanatizmom a totalitarizmom. | ||
| 610 | 2 | 0 | |a filozofia |
| 610 | 2 | 0 | |a metódy poznania |
| 610 | 2 | 0 | |a smery filozofické |
| 610 | 2 | 0 | |a fanatizmus |
| 610 | 2 | 0 | |a ideológia |
| 610 | 2 | 0 | |a totalitarizmus |
| 100 | 1 | |a Buraj, Ivan | |